FIFA-Klub-Weltmeisterschaft Sieger - Statistiken

Allgemein
  • Dieses Quiz wurde 203 mal gespielt
    98 seit der letzten Aktualisierung
  • Das Durchschnittsergebnis liegt bei 16 aus 20
Antwortstatistiken
Jahr Sieger % Korrekt
2014 Real Madrid
98%
2016 Real Madrid
98%
2017 Real Madrid
98%
2018 Real Madrid
98%
2022 Real Madrid
98%
2013 FC Bayern München
96%
2020 FC Bayern München
96%
2021 FC Chelsea
96%
2025 FC Chelsea
96%
2009 FC Barcelona
93%
2011 FC Barcelona
93%
2015 FC Barcelona
93%
2010 Inter Mailand
88%
2019 FC Liverpool
87%
2023 Manchester City
86%
2008 Manchester United
71%
2007 AC Mailand
62%
2005 FC São Paulo
27%
2012 Corinthians São Paulo
16%
2006 Internacional Porto Alegre
3%
Keine übereinstimmenden Quizze gefunden
Verteilung der Resultate
Anzahl Personen mit jedem Resultat
Perzentil nach korrekt beantworteten Fragen
Ihre Resultats-Entwicklung
Sie haben dieses Quiz seit der letzten Aktualisierung nicht gespielt